Fluid mechanics /

Guardado en:
Autor Principal: Swanson, W. M., 1923-
Formato: Libro
Idioma:English
Publicado: New York : Holt, Rinehart, and Winston, c1970.
Materias:
Etiquetas: Agregar Etiqueta
Sin Etiquetas, Sea el primero en etiquetar este registro!
LEADER 00603nam a22001935a 4500
001 EIQ.libpla003189
008 700212s1970####nyua##########001#0#eng#d
005 20071102155439.0
245 0 0 |a Fluid mechanics /  |c [by] W. M. Swanson. 
260 |a New York :  |b Holt, Rinehart, and Winston,  |c c1970. 
300 |a vii, 749 p. :  |b il. ;  |c 24 cm. 
020 |a 003081006X 
100 1 |a Swanson, W. M.,  |d 1923- 
082 0 0 |a 532 
650 4 |a Procesos  |x Mecánica de fluídos. 
650 4 |a Processes  |x Fluid mechanics. 
010 |a  69020457  
040 |a DLC  |c DLC  |d AR-BbSID 
859 |a AR-BbSID  |b BIB. PLAPIQUI  |h 532  |i Sw 24  |p 4638